| 000 | 00356nam a2200145Ia 4500 | ||
|---|---|---|---|
| 008 | 230917s9999||||xx |||||||||||||| ||und|| | ||
| 040 |
_e198714 _aMAIN |
||
| 041 | _aEnglish | ||
| 082 | _a658.5 H13P | ||
| 100 | _aHaleem, Asif | ||
| 245 | 0 | _aProduction and operations management | |
| 260 |
_aNew Delhi _bGalgotia _c2010 |
||
| 300 | _a244 p. | ||
| 942 | _cBK | ||
| 999 |
_c164715 _d164715 |
||